Mixed Word: Tennis Quiz Stats

Quiz Updated Oct 19, 2016

Challenge
Share
Tweet
Embed
Score 0/20 Timer 03:00
0 Plays Today
% Correct
Net
99.3%
Ball
99.2%
Set
98.5%
Game
98.1%
Love
97.9%
Match
97.4%
Deuce
96.3%
Serve
94%
Racquet
88%
Federer
84.9%
% Correct
Volley
83.8%
Agassi
80.9%
Backhand
75.7%
Dropshot
75.3%
Forehand
73%
Nadal
69.5%
Strings
64.5%
Sharapova
49.7%
Wozniacki
47.5%
Dampener
7.7%

You're not logged in!

Compare scores with friends on all Sporcle quizzes.
Join for Free
OR
Log In

You Might Also Like...

Show Comments

Extras

Top Quizzes Today


Score Distribution

Your Account Isn't Verified!

In order to create a playlist on Sporcle, you need to verify the email address you used during registration. Go to your Sporcle Settings to finish the process.

Report this User

Report this user for behavior that violates our Community Guidelines.

Details: